The sacred dichotomy : (Record no. 9720)
[ view plain ]
| 000 -LEADER | |
|---|---|
| fixed length control field | 00894 a2200229 4500 |
| 010 ## - LIBRARY OF CONGRESS CONTROL NUMBER | |
| LC control number | ENG-89027 |
| 020 ## - INTERNATIONAL STANDARD BOOK NUMBER | |
| Terms of availability | 550.00 |
| International Standard Book Number | 8124603642 |
| 035 ## - SYSTEM CONTROL NUMBER | |
| System control number | EN-72560 |
| 037 ## - SOURCE OF ACQUISITION | |
| Source of stock number/acquisition | DBAD / PUB |
| 082 14 - DEWEY DECIMAL CLASSIFICATION NUMBER | |
| Classification number | 202.180954 |
| 090 ## - LOCALLY ASSIGNED LC-TYPE CALL NUMBER (OCLC); LOCAL CALL NUMBER (OCLC) | |
| -- | 9907 |
| -- | 9907 |
| 100 1# - MAIN ENTRY--PERSONAL NAME | |
| Personal name | Bunce, Fredrick William |
| 245 1# - TITLE STATEMENT | |
| Title | The sacred dichotomy : |
| Statement of responsibility, etc | by Fredrick W. Bunce |
| Remainder of title | thoughts and comments on the duality of female and male iconography in South Asia and the Mediterranean / |
| 260 ## - PUBLICATION, DISTRIBUTION, ETC. (IMPRINT) | |
| Place of publication, distribution, etc | New Delhi |
| Name of publisher, distributor, etc | D.K. Printworld |
| Date of publication, distribution, etc | 2006 |
| 270 ## - ADDRESS | |
| Address | Regd. Office: `Sri Kunj', F-52, Bali Nagar, |
| City | New Delhi |
| Postal code | 110 015 |
| 300 ## - PHYSICAL DESCRIPTION | |
| Dimensions | 25 cm.(Hb) |
| Other physical details | xii, 80p. |
| 500 ## - GENERAL NOTE | |
| General note | Includes bibliographical references and index |
| 650 ## - SUBJECT ADDED ENTRY--TOPICAL TERM | |
| Topical term or geographic name as entry element | Idols and images |
| Geographic subdivision | South Asia |
| 651 ## - SUBJECT ADDED ENTRY--GEOGRAPHIC NAME | |
| Geographic name | Mediterranean Region |
| 942 ## - ADDED ENTRY ELEMENTS (KOHA) | |
| Koha item type | English Books |
| Institution code [OBSOLETE] | dpl |
| Call number prefix | 202.180954 / BUN |
| Withdrawn status | Lost status | Source of classification or shelving scheme | Damaged status | Not for loan | Collection code | Home library | Current library | Source of acquisition | Cost, normal purchase price | Total Checkouts | Full call number | Barcode | Date last seen | Copy number | Uniform Resource Identifier | Cost, replacement price | Price effective from | Koha item type |
|---|---|---|---|---|---|---|---|---|---|---|---|---|---|---|---|---|---|---|
| Dewey Decimal Classification | Not For Loan | Non-fiction | D.B.Act.Division | D.B.Act.Division | DBAD/PUB | 550.00 | 202.180954 | EN-72560 | 15/09/2008 | 1 | 10717 | 550.00 | 15/09/2008 | English Books |
